[Event "8th Llucmajor Open 2019"]
[Site "S'Arenal de Llucmajor"]
[Date "2019.05.25"]
[Round "8.5"]
[White "Sumets, Andrey"]
[Black "Andreev, Eduard"]
[Result "1/2-1/2"]
[WhiteElo "2585"]
[BlackElo "2433"]
[Annotator "TA"]
[PlyCount "50"]
[EventDate "2019.05.19"]
[EventType "swiss"]
[EventCountry "ESP"]
[SourceTitle "playchess.com"]
[Source "ChessBase"]
[SourceQuality "1"]

{[%evp 18,50,52,56,80,70,100,79,85,67,65,60,66,43,42,46,61,41,38,39,69,67,54,39,70,78,63,74,77,70,76,45,52,37,55]} 1. d4 Nf6 2. c4 c5 3. d5 g6 4. Nc3 Bg7 5. e4 O-O 6. Nf3 d6 7. h3 e6 8. Bd3 exd5 9. exd5 Re8+ 10. Be3 Rxe3+ {E90: King's Indian: Classical: Early deviations and 6 h3} (10... Nbd7 11. O-O a6 12. a4 Nh5 13. Bg5 f6 14. Bh4 Bh6 15. Re1 Rxe1+ 16. Qxe1 Qf8 17. a5 Rb8 18. Ne4 Bf4 19. g4 g5 20. Bg3 Nxg3 21. fxg3 {1-0 (44) Kuzubov,Y (2644)-Ivanisevic,I (2616) Germany 2019}) 11. fxe3 Qe7 12. O-O Nbd7 {White is better.} 13. Qe2 $146 ({Predecessor:} 13. Qe1 Nh5 {0-1 (79) Schiendorfer,E (2359)-Dimov,D (2289) Albena 2012}) 13... Nh5 14. Qf2 Ne5 15. Be2 Nxf3+ 16. Bxf3 Nf6 17. Qh4 Bd7 18. Rae1 Re8 19. Qf4 h5 20. Qg5 Qf8 21. Bd1 Nh7 22. Qh4 Be5 23. Bc2 {[#] Threatens to win with Bxg6!} Qg7 24. Re2 f5 25. Qe1 Qe7 {Accuracy: White = 62%, Black = 67%.} 1/2-1/2

[Event "8th Llucmajor Open 2019"]
[Site "S'Arenal de Llucmajor"]
[Date "2019.05.25"]
[Round "8.6"]
[White "Fier, Alexandr"]
[Black "Gritask, Orest"]
[Result "1-0"]
[WhiteElo "2555"]
[BlackElo "2468"]
[Annotator "ChessBase"]
[PlyCount "89"]
[EventDate "2019.05.19"]
[EventType "swiss"]
[EventCountry "ESP"]
[SourceTitle "playchess.com"]
[Source "ChessBase"]
[SourceQuality "1"]
[TimeControl "5400+30"]

1. c4 {[%emt 0:00:00]} c5 {[%emt 0:01:18]} 2. Nf3 {[%emt 0:00:00]} Nf6 {[%emt 0:00:22]} 3. Nc3 {[%emt 0:00:00]} e6 {[%emt 0:04:07]} 4. e3 {[%emt 0:00:00]} a6 {[%emt 0:03:12]} 5. d4 {[%emt 0:00:04]} d5 {[%emt 0:00:12]} 6. cxd5 {[%emt 0:00:17]} exd5 {[%emt 0:01:10]} 7. g3 {[%emt 0:00:06]} Bg4 {[%emt 0:17:46]} 8. Bg2 {[%emt 0:02:58]} cxd4 {[%emt 0:07:50]} 9. exd4 {[%emt 0:00:43]} Be7 {[%emt 0:02:45]} 10. O-O {[%emt 0:00:07]} O-O {[%emt 0:01:45]} 11. h3 {[%emt 0:00:03]} Bf5 {[%emt 0:02:46]} 12. Ne5 {[%emt 0:02:32]} Nc6 {[%emt 0:04:14]} 13. g4 {[%emt 0:05:13]} Be6 {[%emt 0:07:42]} 14. f4 {[%emt 0:01:28]} Qb6 {[%emt 0:03:12]} 15. Kh1 {[%emt 0:01:49]} Rad8 {[%emt 0:01:11]} 16. Nxc6 {[%emt 0:02:43]} Qxc6 {[%emt 0:01:26]} 17. f5 {[%emt 0:00:05]} Bc8 {[%emt 0:01:13]} 18. Bf4 {[%emt 0:03:56]} Bb4 {[%emt 0:06:06]} 19. Rc1 {[%emt 0:00:43]} Bxc3 {[%emt 0:00:05]} 20. Rxc3 {[%emt 0:00:03]} Qb5 {[%emt 0:00:04]} 21. Be5 {[%emt 0:03:51]} Ne4 {[%emt 0:02:11]} 22. Bxe4 {[%emt 0:01:49]} dxe4 {[%emt 0:00:02]} 23. f6 {[%emt 0:00:06]} Qxb2 {[%emt 0:08:51]} 24. Rc2 {[%emt 0:02:47]} Qa3 {[%emt 0:02:17]} 25. Qe1 {[%emt 0:04:02]} Rfe8 {[%emt 0:04:28]} 26. Rc3 {[%emt 0:02:00]} Qa5 {[%emt 0:08:08]} 27. Qc1 {[%emt 0:00:35]} e3 {[%emt 0:00:57]} 28. Qxe3 {[%emt 0:00:39]} Qd5+ {[%emt 0:00:15]} 29. Kg1 {[%emt 0:00:29]} gxf6 {[%emt 0:01:45]} 30. Rxf6 {[%emt 0:00:09]} Rxe5 {[%emt 0:00:08]} 31. dxe5 {[%emt 0:01:29]} Be6 {[%emt 0:00:22]} 32. Rf2 {[%emt 0:00:40]} Qd1+ {[%emt 0:00:43]} 33. Kh2 {[%emt 0:00:24]} Qd4 {[%emt 0:01:13]} 34. Qg5+ {[%emt 0:00:30]} Kf8 {[%emt 0:00:02]} 35. Rcf3 {[%emt 0:00:07]} Rd5 {[%emt 0:00:18]} 36. Re3 {[%emt 0:01:51]} b5 {[%emt 0:01:37]} 37. Kg3 {[%emt 0:00:16]} b4 {[%emt 0:00:56]} 38. Kh4 {[%emt 0:00:38]} Rc5 {[%emt 0:02:03]} 39. Rf4 {[%emt 0:03:54]} Qd2 {[%emt 0:01:39]} 40. Ree4 {[%emt 0:00:04]} Rd5 {[%emt 0:02:54]} 41. Kh5 {[%emt 0:07:28]} a5 {[%emt 0:00:43]} 42. Kh6 {[%emt 0:00:08]} Rd3 {[%emt 0:00:10]} 43. h4 {[%emt 0:00:15]} Bxa2 {[%emt 0:00:47]} 44. e6 {[%emt 0:00:22]} Bxe6 {[%emt 0:00:21]} 45. Rxe6 {[%emt 0:00:04]} 1-0

[Event "8th Llucmajor Open 2019"]
[Site "S'Arenal de Llucmajor"]
[Date "2019.05.25"]
[Round "8.7"]
[White "Alvarado Diaz, Alejandro"]
[Black "Nasuta, Grzegorz"]
[Result "1/2-1/2"]
[WhiteElo "2380"]
[BlackElo "2518"]
[Annotator "ChessBase"]
[PlyCount "82"]
[EventDate "2019.05.19"]
[EventType "swiss"]
[EventCountry "ESP"]
[SourceTitle "playchess.com"]
[Source "ChessBase"]
[SourceQuality "1"]
[TimeControl "5400+30"]

1. c4 {[%emt 0:00:00]} e5 {[%emt 0:00:00]} 2. Nc3 {[%emt 0:00:28]} Nf6 {[%emt 0:00:10]} 3. Nf3 {[%emt 0:00:31]} Nc6 {[%emt 0:00:06]} 4. e4 {[%emt 0:00:23]} Bc5 {[%emt 0:03:25]} 5. Nxe5 {[%emt 0:00:52]} Nxe5 {[%emt 0:11:31]} 6. d4 {[%emt 0:00:25]} Bxd4 {[%emt 0:00:05]} 7. Qxd4 {[%emt 0:00:11]} d6 {[%emt 0:00:04]} 8. Be2 {[%emt 0:02:59]} O-O {[%emt 0:00:35]} 9. Bg5 {[%emt 0:03:25]} h6 {[%emt 0:15:07]} 10. Bh4 {[%emt 0:01:59]} Nc6 {[%emt 0:00:34]} 11. Qd1 {[%emt 0:05:24]} Re8 {[%emt 0:00:20]} 12. f3 {[%emt 0:02:17]} Ne5 {[%emt 0:08:39]} 13. Nd5 {[%emt 0:08:10]} g5 {[%emt 0:06:14]} 14. Bf2 {[%emt 0:04:10]} Be6 {[%emt 0:00:48]} 15. O-O {[%emt 0:03:54]} Ng6 {[%emt 0:01:45]} 16. Qd2 {[%emt 0:04:03]} c6 {[%emt 0:11:15]} 17. Nc3 {[%emt 0:03:59]} Qe7 {[%emt 0:03:47]} 18. Rfe1 {[%emt 0:05:51]} Nd7 {[%emt 0:05:42]} 19. b3 {[%emt 0:11:42]} Nde5 {[%emt 0:00:30]} 20. Kh1 {[%emt 0:00:38]} Red8 {[%emt 0:04:57]} 21. Bf1 {[%emt 0:05:25]} Qf6 {[%emt 0:00:08]} 22. Ne2 {[%emt 0:01:32]} b5 {[%emt 0:02:32]} 23. Nd4 {[%emt 0:03:48]} bxc4 {[%emt 0:00:07]} 24. Nxe6 {[%emt 0:00:04]} Qxe6 {[%emt 0:00:27]} 25. bxc4 {[%emt 0:00:46]} c5 {[%emt 0:10:58]} 26. Qc3 {[%emt 0:02:43]} Rdb8 {[%emt 0:00:12]} 27. Rab1 {[%emt 0:00:47]} Rb6 {[%emt 0:00:08]} 28. Rb3 {[%emt 0:02:12]} Rab8 {[%emt 0:00:12]} 29. Reb1 {[%emt 0:00:06]} Qd7 {[%emt 0:02:18]} 30. Rxb6 {[%emt 0:01:58]} Rxb6 {[%emt 0:00:19]} 31. Rxb6 {[%emt 0:00:05]} axb6 {[%emt 0:00:06]} 32. Qb3 {[%emt 0:00:04]} Qa7 {[%emt 0:00:35]} 33. a4 {[%emt 0:00:52]} Qa5 {[%emt 0:06:12]} 34. h4 {[%emt 0:11:10]} Qd2 {[%emt 0:03:01]} 35. Kg1 {[%emt 0:00:06]} Nxh4 {[%emt 0:00:06]} 36. Qxb6 {[%emt 0:00:41]} Nexf3+ {[%emt 0:01:32]} 37. gxf3 {[%emt 0:00:06]} Nxf3+ {[%emt 0:00:03]} 38. Kg2 {[%emt 0:00:04]} Ne1+ {[%emt 0:00:23]} 39. Kg1 {[%emt 0:00:09]} Nf3+ {[%emt 0:00:07]} 40. Kg2 {[%emt 0:00:04]} Ne1+ {[%emt 0:03:47]} 41. Kg1 {[%emt 0:00:04]} Nf3+ {[%emt 0:00:03]} 1/2-1/2

[Event "8th Llucmajor Open 2019"]
[Site "S'Arenal de Llucmajor"]
[Date "2019.05.26"]
[Round "9.1"]
[White "Bernadskiy, Vitaliy"]
[Black "Fier, Alexandr"]
[Result "0-1"]
[WhiteElo "2572"]
[BlackElo "2555"]
[Annotator "TA"]
[PlyCount "98"]
[EventDate "2019.05.19"]
[EventType "swiss"]
[EventCountry "ESP"]
[SourceTitle "playchess.com"]
[Source "ChessBase"]
[SourceQuality "1"]

{[%evp 11,98,-4,16,14,17,22,29,25,14,-7,6,-14,-13,-91,-86,-61,-84,-87,-79,-81,-81,-69,-48,-41,-37,-47,-50,-51,-41,-45,-52,-66,-66,-101,-95,-87,-88,-99,-91,-91,-99,-97,-93,-89,-93,-87,-95,-116,-75,-183,-174,-207,-201,-233,-215,-259,-241,-270,-229,-359,-368,-570,-569,-540,-537,-1129,-1129,-1114,-1114,-1071,-970,-812,-810,-812,-492,-813,-795,-5583,-5157,-29970,-29965,-29979,-29980,-29980,-29981,-29981,-29982,-29994,-29995]} 1. d4 Nf6 2. Nf3 e6 3. Bf4 c5 4. e3 d5 5. c3 Nc6 6. Nbd2 cxd4 7. exd4 {D02: 1 d4 d5 2 Nf3 sidelines, including 2...Nf6 3 g3 and 2...Nf6 3 Bf4} Nh5 8. Be3 Bd6 9. Ne5 {White has an edge.} g6 10. Bb5 Qc7 11. c4 $146 ({Predecessor:} 11. O-O f6 12. Nef3 O-O 13. c4 a6 14. Ba4 dxc4 15. Nxc4 {½-½ (43) Dominguez Perez,L (2723)-Kryvoruchko,Y (2682) Varadero 2016}) 11... O-O {White must now prevent ...Nxd4!} 12. cxd5 (12. Nef3 $11) 12... Nxe5 $17 13. dxe5 Bxe5 {[%mdl 64] Double Attack} 14. Rc1 Qa5 15. Be2 Nf4 (15... Qxd5 16. Rc5 $16) (15... exd5 $6 16. Bxh5 gxh5 17. Qxh5 $11) 16. O-O Nxd5 ({Much weaker is} 16... Qxd5 $6 17. Bf3 $11) 17. Bh6 Bg7 18. Nc4 Qd8 ({But not} 18... Qxa2 $2 19. Bxg7 Kxg7 20. Ra1 $18) 19. Bxg7 Kxg7 20. Bf3 b6 $36 {[%mdl 2048] White is under pressure.} 21. Qd4+ Qf6 22. Rfd1 Rd8 23. Ne3 Bb7 24. Bxd5 Bxd5 ({Reject} 24... exd5 $6 25. Qxf6+ Kxf6 26. Rc7 $11) 25. Qxf6+ Kxf6 26. Nxd5+ Rxd5 27. Rxd5 exd5 {[%mdl 4096] Endgame KR-KR} 28. Rc6+ Ke5 29. Rc7 Kd4 $1 30. Rxf7 {[#]} (30. Kf1 $17 {might work better.}) 30... Kd3 $1 $19 31. Rxh7 Kc2 32. b4 d4 {[%mdl 1024] Strongly threatening ...Rc8. Black has strong compensation.} 33. Rc7+ {[#]} Kb2 $1 34. Rd7 Kc3 35. Kf1 (35. f4 $142 Rc8 36. Kf2) 35... Re8 36. Rxa7 (36. Rc7+ {was called for.} Kxb4 37. Rxa7) 36... d3 37. Rc7+ Kxb4 38. Rd7 Kc3 39. Rc7+ Kb2 {( -> ...d2)} 40. Rd7 Kc2 41. Rc7+ Kd1 {[%csl Gd1][%cal Re8e1]} 42. g4 Re1+ 43. Kg2 d2 44. Rc3 Re5 45. f4 Ke2 {Black mates.} 46. fxe5 d1=Q 47. Rb3 Qd5+ 48. Kh3 Qxe5 49. a3 Kf2 {Accuracy: White = 50%, Black = 98%.} 0-1

[Event "8th Llucmajor Open 2019"]
[Site "S'Arenal de Llucmajor"]
[Date "2019.05.26"]
[Round "9.3"]
[White "Gonzalez Perez, Arian"]
[Black "Zubov, Alexander"]
[Result "1/2-1/2"]
[WhiteElo "2456"]
[BlackElo "2597"]
[Annotator "TA"]
[PlyCount "40"]
[EventDate "2019.05.19"]
[EventType "swiss"]
[EventCountry "ESP"]
[SourceTitle "playchess.com"]
[Source "ChessBase"]
[SourceQuality "1"]

{[%evp 20,40,-29,-32,0,0,0,0,0,0,0,0,0,0,0,0,0,0,0,0,0,0,0]} 1. e4 c5 2. Nf3 d6 3. d4 cxd4 4. Nxd4 Nf6 5. Nc3 a6 6. Bc4 e6 7. O-O Be7 8. Bb3 b5 9. Be3 O-O 10. f4 b4 11. Na4 Bb7 {B87: Sicilian Scheveningen/Najdorf: 6 Bc4, with early ...b5} 12. e5 {The position is equal.} dxe5 {[#]} 13. Nxe6 $1 {[%mdl 512]} fxe6 14. Bxe6+ Kh8 {Hoping for ...Qc7.} 15. Qxd8 $1 Rxd8 16. fxe5 Ng8 17. Nb6 Ra7 {[#]} 18. Nc4 $146 ({Predecessor:} 18. Rad1 Nc6 19. Rxd8 Nxd8 20. Bxg8 Kxg8 21. Nc8 Bxc8 22. Bxa7 Nc6 23. Bb6 Nxe5 {½-½ (23) Kaidanov,G (2645)-De Firmian,N (2580) Las Vegas 1994}) 18... Ra8 19. Nb6 Ra7 20. Nc4 Ra8 1/2-1/2

[Event "8th Llucmajor Open 2019"]
[Site "S'Arenal de Llucmajor"]
[Date "2019.05.26"]
[Round "9.4"]
[White "Raetsky, Alexander"]
[Black "Santos Latasa, Jaime"]
[Result "0-1"]
[WhiteElo "2394"]
[BlackElo "2587"]
[Annotator "TA"]
[PlyCount "94"]
[EventDate "2019.05.19"]
[EventType "swiss"]
[EventCountry "ESP"]
[SourceTitle "playchess.com"]
[Source "ChessBase"]
[SourceQuality "1"]

{[%evp 20,94,47,18,86,77,81,0,0,0,0,0,0,-24,-16,-9,-19,-49,-27,-49,-8,-29,-32,-95,-49,-54,-28,-69,-35,-35,-35,-35,-35,-35,-35,-38,-36,-84,-83,-80,-12,-12,-12,-12,-12,-12,-12,-11,-15,-10,-18,-33,-33,-33,-54,-65,-60,-97,-74,-220,-222,-1056,-1033,-1160,-1072,-817,-696,-29958,-29958,-29951,-29952,-29962,-29961,-10231,-10397,-6095,-5616]} 1. d4 Nf6 2. c4 g6 3. Nc3 Bg7 4. e4 d6 5. Be2 O-O 6. Bg5 c5 7. d5 h6 8. Bf4 e6 9. dxe6 Bxe6 10. Bxd6 Re8 11. Nf3 Qa5 {E74: King's Indian: Averbakh Variation: 6...c5} (11... Qb6 $11) (11... Nc6 12. O-O Qa5 13. Qb3 Nd4 14. Nxd4 cxd4 15. Nd5 Nxe4 16. Bb4 Qd8 17. Bd3 Nf6 18. Nxf6+ Bxf6 19. Bd2 b5 20. Qxb5 {1-0 (55) Gorovets,A (2517)-Grigoryan,K (2581) chess.com INT 2018}) 12. O-O $16 Rd8 {[#]} 13. e5 ({Better is} 13. Qb3 $1 $16) 13... Ne8 $11 {The position is equal.} 14. Qb3 Nxd6 15. exd6 Qb4 16. Rad1 $146 ({Predecessor:} 16. Qxb4 cxb4 17. Nb5 Nc6 18. Nc7 Rac8 19. Nxe6 fxe6 20. c5 Na5 21. Rad1 {½-½ (21) Commons,K-Vukcevich,M Oberlin 1975}) 16... Qxb3 17. axb3 Nc6 18. Nd5 Rac8 {[%mdl 1024] Black has compensation.} 19. Rd2 Kf8 (19... Bxd5 $5 20. Rxd5 Bxb2 $11) 20. Nf4 Bf5 21. h3 ({White should try} 21. Re1 $15) 21... b6 22. Re1 Na5 23. Bd1 Rc6 24. Nh4 Rcxd6 25. Rxd6 Rxd6 26. Nxf5 gxf5 27. Nd5 Bxb2 28. Bc2 {[#]} b5 $1 {[%mdl 512]} 29. Ne3 (29. cxb5 Rxd5) 29... f4 (29... bxc4 $17 30. bxc4 Rd2 31. Bxf5 Bd4) 30. Nf5 Rd2 31. Re7 $1 {[%cal Re7a7]} Rxc2 32. Rxa7 {[%cal Ra7a8]} Kg8 33. Rxa5 bxc4 34. bxc4 Rxc4 {[%mdl 4096] Endgame KRB-KRN} 35. Ra6 h5 36. Kf1 Rc2 37. Rc6 Be5 38. Ke1 f6 39. h4 (39. Nh4 $17) 39... Kf7 $19 40. g3 $2 (40. Kf1) 40... f3 41. Kd1 Rxf2 42. Rxc5 Ra2 43. Ke1 Ke6 44. Ng7+ {[#]} Kd6 $1 45. Rc1 Bxg3+ {[%mdl 64] Double Attack} 46. Kf1 Ra5 47. Rd1+ Ke5 {Accuracy: White = 35%, Black = 64%.} 0-1

[Event "8th Llucmajor Open 2019"]
[Site "S'Arenal de Llucmajor"]
[Date "2019.05.26"]
[Round "9.5"]
[White "Sumets, Andrey"]
[Black "Girish, A. Koushik"]
[Result "0-1"]
[WhiteElo "2585"]
[BlackElo "2444"]
[Annotator "TA"]
[PlyCount "86"]
[EventDate "2019.05.19"]
[EventType "swiss"]
[EventCountry "ESP"]
[SourceTitle "playchess.com"]
[Source "ChessBase"]
[SourceQuality "1"]

{[%evp 13,86,9,2,0,0,0,0,0,12,0,7,0,14,14,12,12,18,8,26,22,31,21,31,10,21,18,14,14,31,27,28,20,31,23,29,11,15,16,10,10,9,5,11,13,13,7,30,30,15,15,41,41,50,41,36,21,36,0,0,0,0,-24,-24,-27,-30,-30,-30,-37,-42,-137,-130,-979,-967,-952,-946]} 1. d4 Nf6 2. c4 e6 3. Nf3 d5 4. g3 Bb4+ 5. Bd2 Be7 6. Bg2 O-O 7. O-O c6 8. a4 {E11: Bogo-Indian} (8. Qc2 Nbd7 9. Bf4 b6 10. Rd1 Ba6 11. cxd5 cxd5 12. Ne5 Nxe5 13. dxe5 Ng4 14. h3 g5 15. Bxg5 Nxe5 16. Bxe7 Qxe7 17. e4 dxe4 18. Qxe4 {½-½ (32) Yu,Y (2751)-Ding,L (2809) Shenzhen 2019}) 8... a5 9. Qc2 Na6 $146 ({Predecessor:} 9... Nbd7 10. Rc1 b6 11. cxd5 cxd5 12. Na3 Bxa3 13. Rxa3 Ba6 14. Qd1 Rc8 15. Rxc8 Qxc8 {½-½ (24) Gleizerov,E (2513)-Krivonosov,O (2399) Klaipeda 2018}) 10. Rc1 {The position is equal.} Nb4 11. Bxb4 Bxb4 12. Ne5 Nd7 13. Nd3 Be7 14. Nd2 Nb8 15. Qc3 Na6 16. c5 b6 17. cxb6 Nb4 18. Ne5 (18. Nxb4 {keeps more tension.} Bxb4 19. Qxc6 Bd7 20. Qc2 Qxb6 21. Qd3) 18... Qxb6 19. Nxc6 Nxc6 20. Qxc6 Rb8 21. Qxb6 Rxb6 22. Rc2 Ba6 23. Bf1 Rfb8 24. Ra2 Rc8 25. Rxc8+ Bxc8 26. e3 Bd7 27. Bd3 h6 28. Kf1 Kf8 29. Ke2 Bb4 30. Kd1 Ke7 31. Nb1 Rb7 32. Nc3 Rc7 33. Nb5 Rc8 34. Ra1 f6 35. Ke2 e5 {White must now prevent ...e4.} 36. f3 g5 37. Rh1 g4 {And now ...gxf3+ would win.} 38. f4 e4 39. Bb1 h5 40. Kd1 {[#]} h4 $1 {[%mdl 512] Threatens to win with ...Rh8.} 41. gxh4 {[#]} ({White should play} 41. Ba2 $15) 41... g3 $1 $17 {[%cal Rd7g4][%mdl 512]} 42. Nc3 $2 {[%mdl 8192]} (42. h3 $17) (42. hxg3 Bg4#) 42... Bg4+ $19 43. Ke1 Bf3 {Accuracy: White = 55%, Black = 66%.} 0-1

[Event "8th Llucmajor Open 2019"]
[Site "S'Arenal de Llucmajor"]
[Date "2019.05.26"]
[Round "9.6"]
[White "Nasuta, Grzegorz"]
[Black "Hyndiuk, Aleksander"]
[Result "1/2-1/2"]
[WhiteElo "2518"]
[BlackElo "2411"]
[Annotator "RC"]
[PlyCount "76"]
[EventDate "2019.05.19"]
[EventType "swiss"]
[EventCountry "ESP"]
[SourceTitle "playchess.com"]
[Source "ChessBase"]
[SourceQuality "1"]
[TimeControl "5400+30"]

1. e4 {[%emt 0:00:00]} c6 {[%emt 0:02:01]} 2. d4 {[%emt 0:00:18]} d5 {[%emt 0:00:03]} 3. Nc3 {[%emt 0:00:06]} dxe4 {[%emt 0:00:04]} 4. Nxe4 {[%emt 0:00:06]} Bf5 {[%emt 0:00:03]} 5. Ng3 {[%emt 0:00:08]} Bg6 {[%emt 0:00:05]} 6. h4 {[%emt 0:00:57]} h6 {[%emt 0:00:05]} 7. Nf3 {[%emt 0:00:05]} e6 {[%emt 0:00:11]} 8. Ne5 {[%emt 0:04:12]} Bh7 {[%emt 0:00:05]} 9. Bd3 {[%emt 0:00:08]} Bxd3 {[%emt 0:00:05]} 10. Qxd3 {[%emt 0:00:05]} Nd7 {[%emt 0:00:11]} 11. Qe2 {[%emt 0:00:05]} Ngf6 {[%emt 0:06:26]} 12. Bd2 {[%emt 0:00:56]} Be7 {[%emt 0:00:21]} 13. O-O-O {[%emt 0:01:21]} O-O {[%emt 0:00:04]} 14. f4 {[%emt 0:02:35]} c5 {[%emt 0:15:33]} 15. f5 {[%emt 0:26:17]} cxd4 {[%emt 0:20:18]} 16. fxe6 {[%emt 0:01:23]} Nxe5 {[%emt 0:00:45]} 17. Qxe5 {[%emt 0:00:07]} Qd5 {[%emt 0:03:18]} 18. Qxd5 {[%emt 0:06:07]} Nxd5 {[%emt 0:02:06]} 19. Nf5 {[%emt 0:19:40]} Bc5 {[%emt 0:10:35]} 20. Be1 {[%emt 0:22:54]} fxe6 {[%emt 0:18:52]} 21. Nxd4 {[%emt 0:00:06]} Ne3 {[%emt 0:00:15]} 22. Rd3 {[%emt 0:04:03]} Bxd4 {[%emt 0:02:19]} 23. Rxd4 {[%emt 0:00:01]} Nxg2 {[%emt 0:00:13]} 24. Bd2 {[%emt 0:01:01]} e5 {[%emt 0:00:25]} 25. Re4 {[%emt 0:04:06]} Rae8 {[%emt 0:00:06]} 26. Bxh6 {[%emt 0:00:18]} gxh6 {[%emt 0:00:04]} 27. Rg1 {[%emt 0:03:22]} Rf4 {[%emt 0:10:43]} 28. Rxg2+ {[%emt 0:00:07]} Kf7 {[%emt 0:00:04]} 29. Rge2 {[%emt 0:02:03]} Rxe4 {[%emt 0:00:07]} 30. Rxe4 {[%emt 0:00:01]} Kf6 {[%emt 0:00:21]} 31. Rg4 {[%emt 0:01:32]} Re7 {[%emt 0:04:18]} 32. Kd2 {[%emt 0:00:16]} Kf5 {[%emt 0:00:20]} 33. Rg8 {[%emt 0:00:43]} Rd7+ {[%emt 0:00:14]} 34. Ke3 {[%emt 0:00:29]} Rd4 {[%emt 0:00:55]} 35. Rg7 {[%emt 0:00:18]} b5 {[%emt 0:01:22]} 36. Rf7+ {[%emt 0:00:57]} Ke6 {[%emt 0:00:24]} 37. Rxa7 {[%emt 0:00:05]} Rxh4 {[%emt 0:00:04]} 38. a3 {[%emt 0:01:08]} e4 {Kxe4 Ke5+} 1/2-1/2

[Event "8th Llucmajor Open 2019"]
[Site "S'Arenal de Llucmajor"]
[Date "2019.05.26"]
[Round "9.7"]
[White "Arizmendi Martinez, Julen Luis"]
[Black "Colpe, Malte"]
[Result "1/2-1/2"]
[WhiteElo "2511"]
[BlackElo "2381"]
[Annotator "TA"]
[PlyCount "35"]
[EventDate "2019.05.19"]
[EventType "swiss"]
[EventCountry "ESP"]
[SourceTitle "playchess.com"]
[Source "ChessBase"]
[SourceQuality "1"]

{[%evp 17,35,16,12,16,7,21,22,20,19,10,22,11,9,7,7,-25,-20,-31,2,-45]} 1. e4 e5 2. Nf3 Nc6 3. Bb5 Nf6 4. d3 Bc5 5. c3 d6 6. O-O O-O 7. Nbd2 Bb6 8. Nc4 Ne7 9. Nxb6 axb6 10. Re1 {C48: Four Knights: 4 Bb5, replies other than 4...Bb4} Bd7 11. Bxd7 Nxd7 12. d4 Ng6 13. Bg5 $146 ({Predecessor:} 13. a4 h6 14. Be3 Re8 15. Nd2 Nf6 16. d5 Qd7 17. h3 Rf8 {½-½ (31) Balogh,C (2575)-Vallejo Pons,F (2684) Heviz 2008}) 13... Qe8 14. Qb3 h6 15. Bd2 Qe6 16. h3 Qxb3 17. axb3 Rfe8 18. b4 1/2-1/2